The elementary structures of kinship = Les structures elementaires de la parente

Αποθηκεύτηκε σε:
Λεπτομέρειες βιβλιογραφικής εγγραφής
Κύριος συγγραφέας: Lévi-Strauss, Claude
Άλλοι συγγραφείς: Bell, J. H. (Μεταφραστής), Von Sturmer, John (Μεταφραστής), Needman, Rodney (Επιμελητής έκδοσης)
Μορφή: Βιβλίο
Γλώσσα:English
French
Δημοσίευση: Boston : Beacon, 1969.
Θέματα:
Ετικέτες: Προσθήκη ετικέτας
Δεν υπάρχουν, Καταχωρήστε ετικέτα πρώτοι!

MARC

LEADER 00000cam a2200000 i 4500
001 1/73166
008 960301s1969 mau| ||| |||| ||eng||
020 |a 0807046698 
035 |l 10003174 
040 |a GR-MyUa  |b gre  |e AACR2 
041 1 |a eng  |a fre 
082 7 |a 306.8   |2 (22) 
100 1 |a Lévi-Strauss, Claude. 
245 1 4 |a The elementary structures of kinship =   |b Les structures elementaires de la parente /   |c Claude Levi-Strauss ; translated from the french by James Harle Bell, John Richard Von Sturmer ; edited by Rodney Needham. 
246 1 |i Παράλληλος τίτλος:   |a Les structures elementaires de la parente 
260 |a Boston :   |b Beacon,   |c 1969. 
300 |a 541 σ. ;   |c 23 εκ. 
504 |a Περιέχει βιβλιογραφικές αναφορές και ευρετήριο. 
650 0 |a Marriage. 
650 0 |a Family. 
650 0 |a Kinship. 
700 1 |a Bell, J. H.  |e trl 
700 1 |a Von Sturmer, John,  |e trl 
700 1 |a Needman, Rodney,  |e edt 
765 0 8 |i Μετάφραση του:   |t Les structures elementaires de la parente /  
852 |a INST  |b LESVOS  |e 19960301  |h 306.8 LEV  |p 005100007135  |q 005100007135  |t BK  |y 0 
852 |a INST  |b LESVOS  |e 19961007  |h 306.8 LEV  |p 005100009149  |q 005100009149  |t BK  |y 0 
852 |a INST  |b LESVOS  |e 20070523  |h 306.8 LEV  |p 005100037361  |q 005100037361  |t BK  |y 0